Statistiques concernant Angleterre - Joueurs emblématiques

Cliquez ici pour prendre le quiz!

Statistiques générales

  • Ce quiz a été pris 185 fois
  • Le résultat moyen est 15 sur 30

Statistiques - réponses

IndicesJoueur% Correct
Milieu de terrain très prolifique avec plus de 300 buts en carrière, meilleur buteur de Chelsea, 2ème du ballon d'or 2005Franck Lampard
93%
3ème joueur le plus capé de la sélection, milieu de terrain réputé pour son grand nombre de coups-francs marqués, passé par le Real Madrid et le PSGDavid Beckham
91%
Capitaine actuel de l'équipe nationale, finaliste de la Ligue des Champions 2019, 10ème des ballons d'or 2017 et 2018Harry Kane
85%
Légende de Liverpool avec plus de 700 matchs, 3ème du balon d'or 2005, 21 buts en 114 sélectionsSteven Gerrard
85%
Meilleur buteur de la sélection avec 53 réalisations et de Manchester United, Golden Boy 2004, vainqueur de la Ligue des Champions 2008Wayne Rooney
84%
2ème joueur le plus capé de Chelsea en étant capitaine de 2004 à 2017, 10ème du ballon d'or 2005John Terry
78%
5ème meilleur buteur de la sélection, ballon d'or 2001, 2 fois meilleur buteur du championnat d'AngleterreMichael Owen
78%
455 matchs pour Manchester United en plus de 12 ans passé au club, nommé dans l'équipe-type de Premier League à 6 reprises entre 2002 et 2013Rio Ferdinand
69%
Arrière gauche comptant plus de 100 sélections en équipe nationale, 16 titres remportés avec Arsenal et ChelseaAshley Cole
68%
Meilleur buteur du championnat d'Angleterre depuis qu'il s'agit de la Premier League, meilleur buteur de Newcastle, 30 buts en sélectionAlan Shearer
66%
Rare joueur à avoir remporté le championnat lors de 3 décennies différentes, 3ème joueur le plus capé de Manchester United, vainqueur des Ligues des Champions 1999 et 2008Paul Scholes
65%
Ballon d'or 1966, 2ème meilleur buteur de la sélection, vainqueur de la C1 1968 avec Manchester UnitedBobby Charlton
59%
Défenseur central passé par Arsenal et Tottenham, champion d'Angleterre 2002 et 2004, membre de l'équipe-type de la Coupe du Monde 2002Sol Campbell
49%
Gardien de but dôté d'un physique impressionant et d'une incroyable agilité, 3 titres de Premier League avec ArsenalDavid Seaman
48%
Capitaine de Manchester United de 2005 à 2010, vainqueur de la Ligue des Champions 1999 et 2008, 5 fois dans l'équipe type de Premier LeagueGary Neville
47%
3ème meilleur buteur de la sélection, Attaquant réputé pour son fair-play n'ayant pris aucun carton (jaune ou rouge) de sa carrièreGary Lineker
46%
Capitaine de la sélection à 90 reprises (record), capitaine lors de la victoire de la Coupe du Monde 1966Bobby Moore
44%
Gardien de but lors de la victoire de la Coupe du Monde 1966, auteur d'une parade face à Pelé lors du mondial 1970 surnommée "l'arrêt du siècle"Gordon Banks
44%
Milieu de terrain surnommé "Gazza" célèbre pour son caractère et son problème avec l'alcool, auteur d'un but légendaire contre l'Ecosse lors de l'Euro 1996Paul Gascoigne
43%
Ailier ayant joué 140 matchs pour l'Olympique de Marseille, 3 fois champion de France, 62 sélectionsChris Waddle
36%
2ème meilleur buteur d'Arsenal, meilleur buteur du championnat d'Angleterre en 1992 avec 29 réalisationsIan Wright
35%
Ballon d'or 1978 et 1979, Vainqueur de la C1 1977 avec Liverpool, meilleur buteur du championnat d'Angleterre 1982Kevin Keegan
29%
Premier ballon d'or de l'histoire en 1956, surnommé "The wizard of the Dribble" pour ses talents de dribbleurStanley Matthews
27%
2ème joueur le plus capé d'Arsenal, rare joueur à avoir remporté le championnat lors de 3 décennies différentesTony Adams
27%
Attaquant comptant plus de 350 buts en carrière, connu pour son longévité avec son dernier but inscrit en Premier League à plus de 40 ansTeddy Sheringham
23%
Joueur le plus capé de la sélection avec 125 matchs et plus de 1200 matchs en club, vainqueur des C1 1979 et 1980 avec Nottingham ForestPeter Shilton
22%
Avant-centre comptant 170 buts pour Liverpool, finaliste de la Ligue des Champions 2007Robbie Fowler
20%
Attaquant ayant inscrit un triplé lors de la finale de la Coupe du Monde 1966, 2ème meilleur buteur de West HamGeoffrey Hurst
18%
Ailier comptant 400 matchs pour Liverpool et presque 200 buts en Premier League, champion d'Angleterre 1988 et 1990John Barnes
18%
Meilleur buteur de l'histoire du championnat d'Angleterre, 4ème meilleur buteur de la sélection, meilleur buteur de TottenhamJimmy Greaves
9%

Distribution des résultats

Percentile par nombre de réponses

% des personnes avec chaque résultat

Votre développement - résultats

Vous n’avez pas pris ce quiz